| 000 | 00000nam##2200000za#4500 |
| 001 | 9.619744 |
| 003 | CaOODSP |
| 005 | 20210615103643 |
| 007 | ta |
| 008 | 150406|2009||||xxc||||| f|0| 0 eng|d |
| 022 | |a0706-6465 |
| 040 | |aCaOODSP|beng |
| 043 | |an-cn--- |
| 086 | 1 |aFs97-13/1223E |
| 110 | 1 |aCanada. |bDepartment of Fisheries and Oceans. |
| 245 | 10|aData report on the distribution and abundance of meiofauna on Roberts Bank, British Columbia / |cby T.F. Sutherland ...[et al.]. |
| 260 | |aWest Vancouver - British Columbia : |bFisheries and Oceans Canada |c2009. |
| 300 | |avii, 34p. : |bfigs., references, tables ; |c28 cm. |
| 490 | 1 |aCanadian data report of fisheries and aquatic sciences|x0706-6465|vNo. 1223 |
| 500 | |a"Fisheries and Oceans Canada, Science Branch - Pacific Region, Marine Ecosystems and Aquaculture Division, DFO-UBC Centre for Aquaculture and Environment Research, 4160 Marine Drive, West Vancouver, B.C., V7V 1N6, Canada."--Cover. |
| 520 | 3 |aEstimates of sediment meiofaunal abundance were determined at six sampling transects across the tidal flats of Roberts Bank, British Columbia, between June, 2003 and February, 2004. |
| 546 | |a(Résumé en français) |
| 563 | |aSoftcover |
| 590 | |a10-12|b2010-03-26 |
| 720 | 1 |aBabaluk, J. A. |
| 776 | 0#|tData report on the distribution and abundance of meiofauna on Roberts Bank, British Columbia / |w(CaOODSP)9.572839 |
| 830 | #0|aCanadian data report of fisheries and aquatic sciences,|x0706-6465|vNo. 1223|w(CaOODSP)9.514678 |